Statistics for 2017 Year in Review

Click here to take the quiz!

General Stats

  • This quiz has been taken 18,496 times
  • The average score is 13 of 18

Answer Stats

Question Answer % Correct
What "cryptocurrency" reached a price of over $19,000?Bitcoin
92%
What were Harvey, Irma, and Maria?Hurricanes
91%
What jihadist group lost almost all its territory in Iraq and Syria?Islamic State
89%
What city did Donald Trump recognize as capital of Israel?Jerusalem
88%
Who became engaged to Meghan Markle?Prince Harry
88%
What British city suffered 23 deaths during an attack on an Ariana Grande concert?Manchester
87%
Why was Russia banned from the 2018 Winter Olympics?State-sponsored doping
84%
What part of Spain held a referendum calling for independence?Catalonia
82%
What rare event did millions of Americans witness on August 21?Total Solar Eclipse
80%
What powerful Hollywood producer was accused of sexual harassment,
triggering a cascade of allegations against other celebrities?
Harvey Weinstein
74%
Jeff Bezos became the world's richest person, with a net worth over $100 billion.
What company does he lead?
Amazon
72%
What climate agreement did the U.S. withdraw from?{Paris} Agreement
71%
What company purchased 20th Century Fox - creating an entertainment juggernaut?Disney
70%
What company released the Model 3 car?Tesla
69%
What song by Luis Fonsi and Daddy Yankee topped the charts in 47 different countries?Despacito
67%
What Australian "rock" will tourists no longer be allowed to climb?Uluru
57%
What part of Iraq voted to become independent?Kurdistan
41%
Who is the claimed painter of "Salvator Mundi", which sold at auction for $450 million?Leonardo da Vinci
38%

Score Distribution

Percentile by Number Answered

Percent of People with Each Score

Your Score History

You have not taken this quiz